000 00373nam a2200133Ia 4500
008 151001s9999||||xx |||||||||||||| ||und||
100 _aगुणाजी गावडे
245 _aहि फुलेल का पौर्णिमा
250 _a1
260 _bप्रमोद गावडे
260 _c2001
300 _a71
365 _b21
999 _c979219
_d979216